000 01235nam2a2200205 4500
001 RU\NLR\PER_A\012477432_000260
005 20250625053230.0
035 _a(NLR Aleph) 016355265
090 _a13133730
_c13133730
100 _a20230425d2022 |||y0rusy50 ca
101 0 _arus
102 _aRU
200 0 _a2022, № 2 (14)
210 _d2022
_aБ. м.
461 0 _1001RU\NLR\BIBL_A\012477432
_12001#$aБиблия и христианская древность$dBible and christian antiquity$eнаучный журнал по библеистике и истории христианской мысли$eнаучный журнал Московской духовной академии$zeng$v2022, № 2 (14)
_912111834
_cСергиев Посад
_d2019 -
_lBible and christian antiquity
_nИзд-во Московской духовной академии
_oнаучный журнал по библеистике и истории христианской мысли : научный журнал Московской духовной академии
_tБиблия и христианская древность
_x2658-7815
_v2022, № 2 (14)
852 _aNLR
_jП37/359
942 _cISSUE
980 _aNB
980 _aRUSPER